a kids book about BEING A SCIENTIST / (Record no. 203871)

MARC details
000 -LEADER
fixed length control field 01325nam a2200313 ia4500
003 - CONTROL NUMBER IDENTIFIER
control field OSt
005 - DATE AND TIME OF LATEST TRANSACTION
control field 20260415154222.0
008 - FIXED-LENGTH DATA ELEMENTS--GENERAL INFORMATION
fixed length control field 260415s2025 nyu jrb 000 0 eng d
020 ## - INTERNATIONAL STANDARD BOOK NUMBER
International Standard Book Number 9780241743133
Terms of availability RM 98.90
Qualifying information hardback
040 ## - CATALOGING SOURCE
Original cataloging agency PPAK
Language of cataloging eng
Transcribing agency PPAK
Description conventions rda
082 04 - DEWEY DECIMAL CLASSIFICATION NUMBER
Edition number 23
Classification number 502.3
090 00 - LOCALLY ASSIGNED LC-TYPE CALL NUMBER (OCLC); LOCAL CALL NUMBER (RLIN)
Classification number (OCLC) (R) ; Classification number, CALL (RLIN) (NR) 502.3
Feature heading RED
Feature heading K
100 1# - MAIN ENTRY--PERSONAL NAME
Personal name Reddy, Christopher,
Relator term author.
245 10 - TITLE STATEMENT
Title a kids book about BEING A SCIENTIST /
Statement of responsibility, etc. by Christopher Reddy
246 30 - VARYING FORM OF TITLE
Title proper/short title Being a scientist
250 ## - EDITION STATEMENT
Edition statement First American edition.
264 #1 - PRODUCTION, PUBLICATION, DISTRIBUTION, MANUFACTURE, AND COPYRIGHT NOTICE
Place of production, publication, distribution, manufacture New York :
Name of producer, publisher, distributor, manufacturer DK Publishing,
Date of production, publication, distribution, manufacture, or copyright notice [2025]
300 ## - PHYSICAL DESCRIPTION
Extent 1 volume (unpaged) :
Other physical details colour illustrations ;
Dimensions 26 cm
336 ## - CONTENT TYPE
Content type term text
Source rdacontent
337 ## - MEDIA TYPE
Media type term unmediated
Source rdamedia
338 ## - CARRIER TYPE
Carrier type term volume
Source rdacarrier
490 1# - SERIES STATEMENT
Series statement a kids book about
520 ## - SUMMARY, ETC.
Summary, etc. Are you a curious person? Do you ask "why" a lot? Do you like discovering new things? Then I have a secret for you...you may be a scientist! Learn from this author (a fellow scientist) about what being a scientist is all about. Celebrate the scientist in you--keep wondering, keep asking questions, and never stop learning!
650 10 - SUBJECT ADDED ENTRY--TOPICAL TERM
Topical term or geographic name entry element Subject Scientists
Form subdivision Juvenile literature
Topical term or geographic name entry element Science
Form subdivision Juvenile literature
Topical term or geographic name entry element Curiosity
Form subdivision Juvenile literature.
830 #0 - SERIES ADDED ENTRY--UNIFORM TITLE
Uniform title a kids book about
942 ## - ADDED ENTRY ELEMENTS (KOHA)
Source of classification or shelving scheme Dewey Decimal Classification
Koha item type Book
Holdings
Withdrawn Not for loan Current library Shelving location Date acquired Total Checkouts Full call number Barcode Date last seen Koha item type
    Perpustakaan Alor Setar Pinjaman Kanak-kanak 26/04/2026   K 502.3 RED A01915119 26/04/2026 Book
    Perpustakaan Awam Sungai Petani Pinjaman Kanak-kanak 26/04/2026   K 502.3 RED A01915120 26/04/2026 Book
    Perpustakaan Jitra Pinjaman Kanak-kanak 26/04/2026   K 502.3 RED A01915121 26/04/2026 Book
    Perpustakaan Kulim Pinjaman Kanak-kanak 26/04/2026   K 502.3 RED A01915123 26/04/2026 Book
    Perpustakaan Langkawi Pinjaman Kanak-kanak 26/04/2026   K 502.3 RED A01915122 26/04/2026 Book